000 00290nam a22001337a 4500
008 170623b xxu||||| |||| 00| 0 eng d
020 _a9780195162493
041 _aeng
080 _a32
100 _a21
101 _aSHP
245 _aFORCE AND STATECRAFT
_cLAUREN, P.G
942 _2udc
_cBK
999 _c18903
_d18903